Reasoning About Knowledge

Na minha lista:
Detalhes bibliográficos
Formato: Livro
Idioma:inglês
Publicado em: Cambridge The MIT Press 1995
Edição:1. ed.
Assuntos:
Tags: Adicionar Tag
Sem tags, seja o primeiro a adicionar uma tag!

MARC

LEADER 00000nam a2200000 4500
001 c014768
005 20221205133451.9
020 |a 0-262-06162-7 
041 0 |a eng 
044 |a US 
245 1 0 |a Reasoning About Knowledge 
250 |a 1. ed. 
264 1 |a Cambridge  |b The MIT Press  |c 1995 
300 |a 477 s. 
610 2 0 |a veda 
610 2 0 |a teória poznania 
610 2 0 |a logika 
610 2 0 |a filozofia